000 00679nam a2200289Ia 4500
005 20260324150259.0
008 008 260324s9999 xx 000 0 eng d
020 _a9781315830315
037 _aEBOOK
040 _aCRL
040 _beng
040 _cCRL
041 _2eng
041 _aeng
084 _qCRL
100 _a Hegel, G W F
_91193599
245 0 _aHegel's Philosophy of Nature
245 0 _bVolume II Edited by M J Petry
260 _bTaylor and Francis
260 _c1970
365 _a
365 _b360
856 _uhttp://www.taylorfrancis.com/books/9781315830315
942 _cEBOOK
999 _c1835057
_d1835057